| 000 | 00714cam a22002052 4500 | ||
|---|---|---|---|
| 001 | 0000006008 | ||
| 005 | 20151217155830.0 | ||
| 008 | 070912s xx 000 0 eng d | ||
| 020 |
_a0226437221 : _cKES 3,950 |
||
| 040 |
_aKABU _cKABU |
||
| 100 | 1 |
_aKingdon, Jonathan. _@0000157353 |
|
| 245 | 1 | 0 |
_aEast Africa mammals : _ban atlas of evolution in Africa volume III part B (large mammals) / _cJonathan Kingdon. |
| 260 |
_aChicago : _bUniversity of Chicago Press, _c1979. |
||
| 300 | _av, 436 p. | ||
| 362 | 0 | _avol. IIIB. | |
| 650 | 0 |
_aMammals _zAfrica, East. _xEvolution _xCollected work. _@0000157354 |
|
| 908 | _a070912 | ||
| 950 | _@1 | ||
| 999 |
_c13012 _d13012 |
||